|
|
|
|
| LEADER |
01372nam a2200349 a 4500 |
| 001 |
14715324 |
| 008 |
100603s2008 onca b 001 0 eng d |
| 010 |
|
|
|a \\2007921908
|
| 020 |
|
|
|a 049508252X
|
| 020 |
|
|
|a 9780495082521
|
| 020 |
|
|
|a 9780495244287
|
| 020 |
|
|
|a 0495244384
|
| 040 |
|
|
|a OTC
|c OTC
|d BAKER
|d MUQ
|d UMC
|d YDXCP
|d BTCTA
|d DLC
|d BD-DhAAL
|
| 082 |
0 |
0 |
|a 621.36/7
|2 22
|
| 100 |
1 |
|
|a Sonka, Milan.
|
| 245 |
1 |
0 |
|a Image processing, analysis, and machine vision /
|c Milan Sonka, Vaclav Hlavac, and Roger Boyle.
|
| 250 |
|
|
|a 3rd ed.
|
| 260 |
|
|
|a Toronto :
|b Thompson Learning,
|c c2008.
|
| 300 |
|
|
|a xxv, 829 p. :
|b ill. ;
|c 24 cm.
|
| 504 |
|
|
|a Includes bibliographical references and index.
|
| 541 |
1 |
|
|e 00018535
|
| 650 |
|
0 |
|a Image processing.
|
| 650 |
|
0 |
|a Computer vision.
|
| 650 |
|
0 |
|a Image analysis.
|
| 650 |
|
6 |
|a Traitement d'images.
|
| 650 |
|
6 |
|a Vision par ordinateur.
|
| 700 |
1 |
|
|a Hlavac, Vaclav.
|
| 700 |
1 |
|
|a Boyle, Roger,
|d 1954-
|
| 852 |
4 |
|
|a Ayesha Abed Library
|j General Shelf
|
| 999 |
|
|
|c 8793
|d 8793
|
| 952 |
|
|
|0 0
|1 0
|2 ddc
|4 0
|6 621_367000000000000_SON_2008
|7 0
|9 10662
|a BRACUL
|b BRACUL
|c GEN
|d 2010-06-03
|l 8
|m 93
|o 621.367 SON
|p 3010018534
|r 2023-08-13
|s 2023-07-27
|t 1
|w 2010-06-03
|y BK
|
| 952 |
|
|
|0 0
|1 0
|2 ddc
|4 0
|6 621_367000000000000_SON_2008
|7 0
|9 11040
|a BRACUL
|b BRACUL
|c GEN
|d 2010-06-16
|l 7
|m 66
|o 621.367 SON
|p 3010018535
|r 2023-05-21
|s 2022-07-28
|t 2
|w 2010-06-16
|y BK
|